|
|
|
|
| LEADER |
05291nam a2200961 4500 |
| 001 |
ocn708034876 |
| 003 |
OCoLC |
| 005 |
20170124072723.8 |
| 006 |
m o d |
| 007 |
cr cnu---unuuu |
| 008 |
110322s2011 nju ob 001 0 eng d |
| 010 |
|
|
|z 2010033575
|
| 040 |
|
|
|a N$T
|b eng
|e pn
|c N$T
|d E7B
|d OCLCQ
|d DEBSZ
|d COO
|d OCLCQ
|d IDEBK
|d CHVBK
|d OCLCQ
|d NLGGC
|d DG1
|d YDXCP
|d OCLCF
|d MERUC
|d EBLCP
|d DKU
|d OCLCQ
|d S3O
|d OCLCQ
|d DEBBG
|d AZK
|d GrThAP
|
| 019 |
|
|
|a 701311763
|a 705535761
|a 961515793
|a 962635983
|
| 020 |
|
|
|a 9780470946398
|q (electronic bk.)
|
| 020 |
|
|
|a 0470946393
|q (electronic bk.)
|
| 020 |
|
|
|a 9781283716703
|q (MyiLibrary)
|
| 020 |
|
|
|a 1283716704
|q (MyiLibrary)
|
| 020 |
|
|
|a 9780470946404
|q (electronic bk.)
|
| 020 |
|
|
|a 0470946407
|q (electronic bk.)
|
| 020 |
|
|
|z 9780470627679
|
| 020 |
|
|
|z 0470627670
|
| 024 |
7 |
|
|a 10.1002/9780470946404
|2 doi
|
| 029 |
1 |
|
|a AU@
|b 000046901289
|
| 029 |
1 |
|
|a AU@
|b 000048808584
|
| 029 |
1 |
|
|a AU@
|b 000051561965
|
| 029 |
1 |
|
|a CHBIS
|b 006378577
|
| 029 |
1 |
|
|a CHBIS
|b 009881329
|
| 029 |
1 |
|
|a CHDSB
|b 005654118
|
| 029 |
1 |
|
|a CHVBK
|b 117928585
|
| 029 |
1 |
|
|a CHVBK
|b 173443079
|
| 029 |
1 |
|
|a CHVBK
|b 199036543
|
| 029 |
1 |
|
|a DEBBG
|b BV041909656
|
| 029 |
1 |
|
|a DEBBG
|b BV043085744
|
| 029 |
1 |
|
|a DEBSZ
|b 372729258
|
| 029 |
1 |
|
|a DEBSZ
|b 421636866
|
| 029 |
1 |
|
|a DEBSZ
|b 430927703
|
| 029 |
1 |
|
|a DKDLA
|b 820120-katalog:000557880
|
| 029 |
1 |
|
|a HEBIS
|b 299818918
|
| 029 |
1 |
|
|a NZ1
|b 14166195
|
| 029 |
1 |
|
|a NZ1
|b 14229157
|
| 029 |
1 |
|
|a NZ1
|b 15290974
|
| 029 |
1 |
|
|a DEBBG
|b BV043392908
|
| 035 |
|
|
|a (OCoLC)708034876
|z (OCoLC)701311763
|z (OCoLC)705535761
|z (OCoLC)961515793
|z (OCoLC)962635983
|
| 037 |
|
|
|a 10.1002/9780470946404
|b Wiley InterScience
|n http://www3.interscience.wiley.com
|
| 050 |
|
4 |
|a TP200
|b .F525 2011eb
|
| 072 |
|
7 |
|a TEC
|x 009010
|2 bisacsh
|
| 072 |
|
7 |
|a SCI
|x 013060
|2 bisacsh
|
| 082 |
0 |
4 |
|a 660
|2 22
|
| 049 |
|
|
|a MAIN
|
| 245 |
0 |
0 |
|a Fine chemicals :
|b the industry and the business /
|c edited by Peter Pollak.
|
| 250 |
|
|
|a 2nd ed.
|
| 264 |
|
1 |
|a Hoboken, N.J. :
|b J. Wiley & Sons,
|c [2011]
|
| 264 |
|
4 |
|c ©2011
|
| 300 |
|
|
|a 1 online resource (280 pages)
|
| 336 |
|
|
|a text
|b txt
|2 rdacontent
|
| 337 |
|
|
|a computer
|b c
|2 rdamedia
|
| 338 |
|
|
|a online resource
|b cr
|2 rdacarrier
|
| 504 |
|
|
|a Includes bibliographical references and index.
|
| 588 |
0 |
|
|a Print version record.
|
| 505 |
0 |
|
|a Frontmatter -- Color Plates -- The Industry. What Fine Chemicals are -- The Fine Chemical Industry -- Products -- Technologies -- Facilities and Plants -- Research and Development -- Cost Calculation -- Management Aspects -- Bibliography -- The Business. Market Size and Structure -- The Business Condition -- Customer Base -- Marketing -- Bibliography -- Outlook. General Trends and Growth Drivers -- Globalization -- Biotechnology -- Ethical Pharmaceutical Industry -- Generics -- Other Life Science Industries -- Contract Research Organizations -- Conclusion: Who is Fittest for the Future? -- Bibliography -- Abbreviations -- Appendices. A.1: Information Sources/Life Sciences -- A.2: Checklist for New Product Evaluation -- A.3: Project Schedule, Custom Manufacturing Project -- A.4: Company Scorecard -- A.5: Job Description for Business Development Manager -- A.6: Checklist for the Selection of Outsourcing Partners -- A.7: Checklist for the Manufacture of Nonregulated (or Basic GMP) Fine Chemicals -- A.8: Checklist for Customer Visit -- A.9: Outline for a Company Presentation -- A.10: Overseas Expansion of Indian Pharma and Fine Chemical Companies -- A.11: Asian Expansion of Western Fine Chemical Companies -- Index.
|
| 520 |
|
|
|a A second, revised edition, which takes into consideration the developments in the field since the first edition was written, including substantial updating of facts and figures and other content, like a discussion of the offer / demand balance for fine chemicals. This book is a comprehensive reference on one of the most exciting and challenging segments of the modern chemical industry, and a practical guide for developing and succeeding in the multibillion fine chemicals business. The book is divided into three parts: 1. The Fine Chemicals Industry - definitions, products, technologies, facili.
|
| 650 |
|
0 |
|a Chemicals.
|
| 650 |
|
0 |
|a Chemical engineering.
|
| 650 |
|
0 |
|a Chemical industry.
|
| 650 |
|
4 |
|a Chemical engineering.
|
| 650 |
|
4 |
|a Chemical industry.
|
| 650 |
|
4 |
|a Chemicals.
|
| 650 |
|
7 |
|a TECHNOLOGY & ENGINEERING
|x Chemical & Biochemical.
|2 bisacsh
|
| 650 |
|
7 |
|a SCIENCE
|x Chemistry
|x Industrial & Technical.
|2 bisacsh
|
| 650 |
|
7 |
|a Chemical engineering.
|2 fast
|0 (OCoLC)fst00852893
|
| 650 |
|
7 |
|a Chemical industry.
|2 fast
|0 (OCoLC)fst00852951
|
| 650 |
|
7 |
|a Chemicals.
|2 fast
|0 (OCoLC)fst00853273
|
| 650 |
|
7 |
|a Feinchemikalie.
|0 (DE-588)4379906-1
|2 gnd
|
| 650 |
|
7 |
|a Chemische Industrie.
|0 (DE-588)4009848-5
|2 gnd
|
| 650 |
|
7 |
|a Feinchemikalie.
|2 idszbz
|
| 650 |
|
7 |
|a Chemische Industrie.
|2 idszbz
|
| 650 |
|
7 |
|a Technische Chemie.
|2 idszbz
|
| 655 |
|
4 |
|a Electronic books.
|
| 700 |
1 |
|
|a Pollak, Peter,
|d 1934-
|
| 776 |
0 |
8 |
|i Print version:
|t Fine chemicals.
|b 2nd ed.
|d Hoboken, N.J. : J. Wiley & Sons, ©2010
|z 9780470627679
|w (DLC) 2010033575
|w (OCoLC)658117204
|
| 856 |
4 |
0 |
|u https://doi.org/10.1002/9780470946404
|z Full Text via HEAL-Link
|
| 994 |
|
|
|a 92
|b DG1
|